Urban geography

Saved in:
Bibliographic Details
Main Author: Hall, Tim
Format: Book
Language:English
Published: London Routledge 2001
Edition:2nd ed.
Series:Routledge contemporary human geography series
Subjects:
Tags: Add Tag
No Tags, Be the first to tag this record!

MARC

LEADER 00000nam$a2200000$$$4500
001 0023928
005 20221129101237.2
020 |a 0-415-21769-5 
041 0 |a eng 
044 |a GB 
245 1 0 |a Urban geography  |c Tim Hall 
250 |a 2nd ed. 
264 1 |a London  |b Routledge  |c 2001 
300 |a xiii, 209 s. 
490 1 |a Routledge contemporary human geography series 
830 0 |a Routledge contemporary human geography series 
610 2 0 |a geografia 
610 2 0 |a mestá 
610 2 0 |a urbanizácia 
610 2 0 |a aglomerácie mestské 
610 2 0 |a rozvoj územný 
610 2 0 |a rozvoj trvalo udržateľný 
100 1 |a Hall, Tim